000 00485nam a2200205Ia 4500
003 OSt
005 20230405095601.0
008 210423s2005 xx 000 0 und d
020 _a393090922
040 _cAL
041 _aeng
082 _a821.8 BROR
100 _aBROWNING (Robert).
_983000
245 _apoetry.
260 _aNew York
_bW W Norton & Co.,
_c2005
300 _axvi,604
_bPB
365 _b225
_cINR
906 _abrownings ; poetry. ; Robert
942 _2ddc
_cBK
999 _c158070
_d158070